000 01069nam a2200301 i 4500
001 000007205
003 DO-SdBNP
005 20251008142828.0
007 ta
008 090907s1976 dr 001 0 spa d
040 _aDO-SdBNP
_bspa
_cBNPHU
_erda
041 _aspa
082 _axxx
_bC111l
_2xxx
100 1 _aCaamaño de Fernández, Vicenta
_d1932
_eautora
_4aut.
_919993
245 1 0 _aLa lengua campesina en la narrativa costumbrista dominicana /
_cVicenta Caamaño de Fernández ; prólogo, Manuel Alvarez Narario
264 1 _aSanto Domingo :
_bCenturión,
_bImpresora Dominicana
_c1976.
300 _a207 páginas ;
_c20 cm.
336 _atexto
_btxt
_2rdacontent
337 _asin mediación
_bn
_2rdamedia
338 _avolumen
_bnc
_2rdacarrier
500 _aIncluye índice de palabras y frases
500 _aIncluye datos biográficos de la autora en la página 11
504 _aBibliografía p: 167-175.
590 _aInventariado, 2025/ YL
700 1 _aÁlvarez Nazario, Manuel,
_eprologuista
_4pr.
_919994
910 _aYLockward
942 _2ddc
_cLBS1
999 _c6986
_d6986